Modelovacie techniky v CAD = Modelling techniques in CAD : Bakalárska práca

Salvato in:
Dettagli Bibliografici
Autore principale: Barcík, Vladimír, 1986- (Autore)
Altri autori: Polakovič, Miloš, 1982- (xxx)
Natura: Manoscritto Libro
Lingua:slovacco
Pubblicazione: Trnava : STU v Bratislave MTF UVTE KOM, 2009
Soggetti:
Tags: Aggiungi Tag
Nessun Tag, puoi essere il primo ad aggiungerne!!

MARC

LEADER 00000ntm a22000003a 4500
001 stu192370
005 20160719155951.1
008 091014s2009----xo------------------slo-d
040 |a STU  |b slo 
041 0 |a slo 
044 |a xo 
100 1 |a Barcík, Vladimír,  |d 1986-  |4 aut  |X 37237  |7 A000037237 
245 1 |a Modelovacie techniky v CAD = Modelling techniques in CAD :  |b Bakalárska práca 
260 |a Trnava :  |b STU v Bratislave MTF UVTE KOM,  |c 2009 
300 |a 57 s  |c 1 CD-ROM 
500 |a Študijný program: počítačová podpora výrobných technológií 
500 |a Študijný odbor: 5.2.51 výrobné technológie 
650 7 |a CAD  |2 stusub 
650 7 |a modelovanie  |2 stusub 
700 1 |a Polakovič, Miloš,  |d 1982-  |4 xxx  |u M3000  |U MTF Materiálovotechnologická fakulta  |T MTF Ústav výrobných technológií  |X 16468  |U M3000  |Y 83  |7 A000016468 
996 |b 284M071239  |c M*BP-3805  |l MMSKP  |s P  |a 0  |w stu192370_0001